|
|
|
|
| LEADER |
01092cam a2200289 7i4500 |
| 001 |
0000036941 |
| 005 |
20221018090000.0 |
| 007 |
##ta |
| 008 |
220913t2020 eng |
| 020 |
# |
# |
|a 9789671855508
|
| 040 |
# |
# |
|a MATR
|
| 090 |
0 |
0 |
|a M 389.609595
|b FAD
|
| 100 |
0 |
# |
|a Fadilah Baharin
|e author
|
| 245 |
1 |
0 |
|a CHAMPIONING STANDARDS OF EXCELLENCE
|c Fadilah Baharin.
|
| 264 |
# |
0 |
|a Shah Alam, Selangor:
|b Fadilah Baharin,
|c 2020.
|
| 300 |
# |
# |
|a 111 pages:
|b illustrations;
|c 26 cm.
|
| 336 |
# |
# |
|a text
|2 rdacontent
|
| 337 |
# |
# |
|a unmediated
|2 rdamedia
|
| 338 |
# |
# |
|a volume
|2 rdacarrier
|
| 504 |
# |
# |
|a Includes bibliographical references and index
|
| 650 |
# |
0 |
|a Standardization --
|z Malaysia
|
| 650 |
# |
0 |
|a Standardization --
|x Economic aspects
|
| 999 |
|
|
|a JHR000486B
|b Book
|c Malaysia
|e MATRADE Southern Regional Office
|
| 999 |
|
|
|a B000041963
|b Book
|c Malaysia
|e Business Information Centre
|
| 999 |
|
|
|a PNG001194B
|b Book
|c Malaysia
|e MATRADE Northern Regional Office
|
| 999 |
|
|
|a SBH001164B
|b Book
|c Malaysia
|e MATRADE Sabah
|
| 999 |
|
|
|a TRG000474B
|b Book
|c Malaysia
|e MATRADE Eastern Regional Office
|